Harry Potter And The Philosopher's Stone Vol-1 (Record no. 354634)
[ view plain ]
| 000 -LEADER | |
|---|---|
| fixed length control field | 00380nam a2200157Ia 4500 |
| 008 - FIXED-LENGTH DATA ELEMENTS--GENERAL INFORMATION | |
| fixed length control field | 230719s9999 xx 000 0 und d |
| 041 ## - LANGUAGE CODE | |
| Language code of text/sound track or separate title | eng |
| 082 ## - DEWEY DECIMAL CLASSIFICATION NUMBER | |
| Classification number | 823.91 |
| Item number | ROW |
| 100 ## - MAIN ENTRY--PERSONAL NAME | |
| Personal name | Rowling J.K. |
| 245 ## - TITLE STATEMENT | |
| Title | Harry Potter And The Philosopher's Stone Vol-1 |
| 260 ## - PUBLICATION, DISTRIBUTION, ETC. (IMPRINT) | |
| Date of publication, distribution, etc. | 2014 |
| Name of publisher, distributor, etc. | Bloomsbury |
| 300 ## - PHYSICAL DESCRIPTION | |
| Extent | 331 |
| 365 ## - TRADE PRICE | |
| Currency code | Rs. |
| Price amount | 340.00 |
| 700 ## - ADDED ENTRY--PERSONAL NAME | |
| Personal name | Rowling J.K. |
| 906 ## - LOCAL DATA ELEMENT F, LDF (RLIN) | |
| b | 170 |
| Withdrawn status | Lost status | Source of classification or shelving scheme | Damaged status | Not for loan | Home library | Current library | Shelving location | Date acquired | Vendor | Cost, normal purchase price | Total Checkouts | Full call number | Barcode | Date last seen | Date last checked out | Discount | Cost, replacement price | Bill Date | Koha item type | Original Barcode |
|---|---|---|---|---|---|---|---|---|---|---|---|---|---|---|---|---|---|---|---|---|
| Dewey Decimal Classification | Cummins College of Engineering for Women Pune | Cummins College of Engineering for Women Pune | Donated Book | 12/08/2021 | Masurkar Enterprises | 340.00 | 23 | 823.91 | CCEP-DB-839 | 23/03/2026 | 11/03/2026 | 170 | 170.00 | 19/07/2023 | Books | D00839 |